Music Quiz

Random Music or Famous Quiz

Famous 4-Piece Rock Bands Quiz Stats

 Plays Quiz Updated Jun 22, 2015

Also try: Famous Trio Bands
Challenge
Share
Tweet
Score 0/16 Timer 04:00
7 Plays Today
% Correct
The Beatles
99.2%
KISS
98.6%
U2
93.5%
The Who
79.4%
No Doubt
77.8%
The Doors
75.5%
Metallica
74.6%
Red Hot Chili Peppers
69.3%
% Correct
Queen
68.4%
Ramones
67.9%
Led Zeppelin
65.4%
Van Halen
58.9%
Nickelback
58.2%
Coldplay
53.8%
Smashing Pumpkins
34.3%
Megadeth
31.3%

You're not logged in!

Compare scores with friends on all Sporcle quizzes.
Join for Free
OR
Log In

You Might Also Like...

Show Comments

Extras

Top Quizzes Today


Score Distribution

Your Account Isn't Verified!

In order to create a playlist on Sporcle, you need to verify the email address you used during registration. Go to your Sporcle Settings to finish the process.

Report this User

Report this user for behavior that violates our Community Guidelines.

Details: